Cosmic's itch.io Games - Statistics

General Stats
  • This quiz has been taken 5 times
  • The average score is 9 of 12
Answer Stats
Answer % Correct
Amsterdam Airport Simulator
100%
Forbidden Letter
100%
Goofyronpa: Serious-Unseriousness
100%
Pathways (Incomplete)
100%
Run From Rod
100%
Totally Goofyronpa... Yeah...
100%
Bart Saviours
67%
Pathways: Steamed Hams Edition
67%
Runneth From Roderick
67%
Seven Days Of Dates
67%
Black Lung
33%
Cosmic's Guess Who
33%
No matching quizzes found
Score Distribution
Percent of People with Each Score
Percentile by Number Answered
Your Score History
You have not taken this quiz